|
|
|
|
| LEADER |
00000naa2a2200000 4500 |
| 001 |
174475 |
| 005 |
20241015145301.0 |
| 035 |
|
|
|a (RuTPU)RU\TPU\book\189205
|
| 090 |
|
|
|a 174475
|
| 100 |
|
|
|a 20100128d2009 k y0rusy50 ca
|
| 101 |
0 |
|
|a rus
|
| 102 |
|
|
|a RU
|
| 200 |
1 |
|
|a Марганцевые руды Кузбасса
|f Е. В. Бабакова
|g науч. рук. М. А. Платонов
|
| 463 |
|
0 |
|0 (RuTPU)RU\TPU\book\182778
|t Прогрессивные технологии и экономика в машиностроении
|o труды XIII региональной научно-практической конференции студентов и учащейся молодежи , 9-10 апреля 2009 г., Юрга
|f Томский политехнический университет (ТПУ), Юргинский технологический институт (ЮТИ) ; Прогрессивные технологии и экономика в машиностроении ; отв. за вып. Д. А. Чинахов
|v С. 11-12
|d 2009
|p 357 с.
|
| 610 |
1 |
|
|a Кузбасс
|
| 610 |
1 |
|
|a марганец
|
| 610 |
1 |
|
|a руды
|
| 610 |
1 |
|
|a Усинское месторождение
|
| 610 |
1 |
|
|a месторождения
|
| 610 |
1 |
|
|a Кемеровская область
|
| 610 |
1 |
|
|a геологическое строение
|
| 610 |
1 |
|
|a запасы
|
| 610 |
1 |
|
|a труды учёных ТПУ
|
| 700 |
|
1 |
|a Бабакова
|b Е. В.
|c специалист в области машиностроения
|c старший преподаватель Юргинского технологического института (филиала) Томского политехнического университета
|f 1989-
|g Елена Владимировна
|2 stltpush
|3 (RuTPU)RU\TPU\pers\31666
|9 15803
|
| 702 |
|
1 |
|a Платонов
|b М. А.
|4 727
|
| 801 |
|
1 |
|a RU
|b 63413507
|c 20100128
|
| 801 |
|
2 |
|a RU
|b 63413507
|c 20160805
|g RCR
|
| 942 |
|
|
|c BK
|